Treating epilepsy naturally (Record no. 56261)

MARC details
000 -LEADER
fixed length control field 00711nam a2200241 i 4500
001 - CONTROL NUMBER
control field C2-0241129
003 - CONTROL NUMBER IDENTIFIER
control field PPAK
005 - DATE AND TIME OF LATEST TRANSACTION
control field 20180727203635.0
008 - FIXED-LENGTH DATA ELEMENTS--GENERAL INFORMATION
fixed length control field 020730s2002 nyu |||| ||||| | eng d
020 ## - INTERNATIONAL STANDARD BOOK NUMBER
International Standard Book Number 0658013793
040 ## - CATALOGING SOURCE
Original cataloging agency PPAK
Language of cataloging eng
Transcribing agency PPAK
Description conventions rda
082 04 - DEWEY DECIMAL CLASSIFICATION NUMBER
Classification number 616.853
Edition number 23
090 00 - LOCALLY ASSIGNED LC-TYPE CALL NUMBER (OCLC); LOCAL CALL NUMBER (RLIN)
Classification number (OCLC) (R) ; Classification number, CALL (RLIN) (NR) 616.853
Feature heading MUR
Feature heading G
100 1# - MAIN ENTRY--PERSONAL NAME
Personal name Murphy, Patricia A,
Relator term author
245 10 - TITLE STATEMENT
Title Treating epilepsy naturally
Remainder of title A guide to alternative and adjunct therapies
264 #1 - PRODUCTION, PUBLICATION, DISTRIBUTION, MANUFACTURE, AND COPYRIGHT NOTICE
Place of production, publication, distribution, manufacture New York :
Name of producer, publisher, distributor, manufacturer Keats Publishing ,
Date of production, publication, distribution, manufacture, or copyright notice 2002
300 ## - PHYSICAL DESCRIPTION
Extent xiii, 322 pages ;
Dimensions 23 cm
336 ## - CONTENT TYPE
Source rdacontent
Content type term text
337 ## - MEDIA TYPE
Source rdamedia
Media type term unmediated
338 ## - CARRIER TYPE
Source rdacarrier
Carrier type term volume
650 10 - SUBJECT ADDED ENTRY--TOPICAL TERM
Topical term or geographic name entry element Epilepsy - Alternative treatment.
942 ## - ADDED ENTRY ELEMENTS (KOHA)
-- dc
Koha item type Book
Holdings
Withdrawn Not for loan Current library Shelving location Date acquired Total Checkouts Total Renewals Full call number Barcode Date last seen Date last checked out Koha item type
    Perpustakaan Alor Setar Pinjaman Dewasa 29/09/2002 1 1 616.853 MUR A01041092 22/11/2021 17/04/2021 Book
    Perpustakaan Alor Setar Pinjaman Dewasa 29/09/2002 2 2 616.853 MUR A01041091 28/10/2023 17/09/2023 Book
    Perpustakaan Awam Sungai Petani Pinjaman Dewasa 29/09/2002     616.853 MUR A01041093 08/05/2018   Book
    Perpustakaan Kulim Pinjaman Dewasa 29/09/2002     616.853 MUR A01041094 08/05/2018   Book